Statistics for Five Biggest Countries by Hemisphere (with a map)

Click here to take the quiz!

General Stats

  • This quiz has been taken 322 times
  • The average score is 19 of 20

Answer Stats

Area Country % Correct
17,098,246Russia
100%
9,596,961China
99%
1,964,375Mexico
99%
9,525,067United States
99%
9,984,670Canada
99%
7,692,024Australia
99%
7,887,350Brazil
99%
3,287,263India
99%
2,780,400Argentina
98%
2,724,900Kazakhstan
96%
1,285,216Peru
95%
1,221,037South Africa
95%
1,098,581Bolivia
94%
756,102Chile
94%
1,620,885DR Congo
94%
2,149,690Saudi Arabia
94%
1,408,742Indonesia
92%
1,246,700Angola
89%
1,054,107Mali
78%
1,030,700Mauritania
75%

Score Distribution

Percentile by Number Answered

Percent of People with Each Score

Your Score History

You have not taken this quiz